000 006410000a22001810004500
003 MACL
005 20160611133507.0
008 160611b xxu||||| |||| 00| 0 eng d
040 _aMACL
_cMACL
041 _aHindi
082 _a920
100 _aबोस, नेताजी सुभाष चन्‍द्र
_961078
245 _aतरूण के स्‍वप्‍न
_cनेताजी सुभाष चन्‍द्र बोस
260 _bस्‍वर्ण जयंती प्रकाशन
_c1998
_aदिल्‍ल्‍ी
350 _a75
650 _aBiography
_964306
942 _cHIN
_k920
_2ddc
999 _c30085
_d30085